Idiomas Nacionales Reconocidos de la India en un Mapa - Estadísticas

Estadísticas generales
  • Esta prueba ha sido intentada 72 veces
  • La puntuación promedio es 7 de 22
Respuestas en el mapa
Las respuestas están codificadas por una escala verde-roja en el mapa de la prueba según el % correcto abajo.
 
Estadísticas de respuestas
Idioma % Correcto
Hindi
98%
Bengalí
76%
Tamil
65%
Urdu
57%
Punyabí
46%
Télugu
46%
Guyaratí
39%
Nepalí
30%
Asamés
28%
Maratí
28%
Sánscrito
28%
Sindi
24%
Oriya
22%
Malabar
17%
Manipurí
15%
Canarés
13%
Cachemiro
11%
Konkaní
11%
Bodo
9%
Dogri
9%
Santalí
7%
Maijilí
4%
No se encontraron pruebas coincidentes
Distribución de puntuación
Porcentaje de gente con cada puntuación
Porcentaje por número respondido
Historial de tus puntuaciones
No has intentado esta prueba.